000 00488nam a22001577a 4500
003 OSt
005 20251202101837.0
008 251202b |||||||| |||| 00| 0 eng d
020 _a080583088
040 _cLAWRENCE ERLBAUM ASSOCIATES PUBLISHER
050 _aP 96 .H37 1999
_b .H37 1999
245 _aA COGNITIVE PSYCHOLOGY OF MASS COMMUNICATION/
_cHARRIS, RICHARD JACKSON
250 _a3RD EDITION
260 _aLONDON:
_bLAWRENCE ERLBAUM ASSOCIATES ,PUBLISHERS,
_c1999
942 _2lcc
_cBK
_n0
999 _c9861
_d9861